Curso : (Registro nro. 6673)

Detalles MARC
000 -CABECERA
Campo de control interno 01682nam a2200241Ia 4500
008 - ELEMENTOS DE LONGITUD FIJA - INFORMACIÓN GENERAL
Campo de control de longitud fija 260220t1998||||xx |||||||||||||| ||spa||
040 ## - FUENTE DE CATALOGACIÓN
Agencia de catalogación original PY-SlUNAC
Idioma de catalogación spa
Convenciones de descripción rda
041 ## - CÓDIGO DE IDIOMA
Código de idioma para texto/pista de sonido o título separado spa
082 ## - NÚMERO DE CLASIFICACIÓN DECIMAL DEWEY
Clasificación Decimal Dewey (CDD) 001.642 4
Clasificación Expansiva de Cutter (EC) C977c
245 #0 - TÍTULO
Título Curso :
Subtítulo la informática es fácil
264 ## - PIE DE IMPRENTA
Lugar Madrid :
Editorial La Vanguardia,
Año ℗1998.
300 ## - DESCRIPCIÓN FÍSICA
Páginas 1 volumen
490 ## - MENCIÓN DE LA SERIE
Serie/Colección
Volumen/Número secuencial volumen 2
520 ## - NOTA DE RESUMEN
Nota de resumen "Curso: la informática es fácil" es una obra publicada en 1998 que busca desmitificar el aprendizaje de la informática, presentando conceptos tecnológicos de manera accesible y comprensible para principiantes. A través de una estructura didáctica, el libro aborda temas fundamentales como el uso básico de computadoras, el manejo de software común y la navegación por Internet, promoviendo una comprensión gradual y práctica. Además, se enfatiza la importancia de la informática en la vida cotidiana y profesional, destacando su relevancia en un mundo cada vez más digitalizado. Los autores utilizan ejemplos claros y ejercicios prácticos que facilitan la asimilación de conocimientos, permitiendo a los lectores ganar confianza en su habilidad para utilizar la tecnología. La obra se convierte en una herramienta valiosa para quienes desean iniciarse en el ámbito informático, ofreciendo un enfoque amigable y motivador que fomenta el aprendizaje continuo y el desarrollo de competencias digitales esenciales.
653 ## - MATERIA - TÉRMINO TEMÁTICO NO CONTROLADO (PALABRAS CLAVE)
Materia - término temático no controlado (palabras clave) Educación
653 ## - MATERIA - TÉRMINO TEMÁTICO NO CONTROLADO (PALABRAS CLAVE)
Materia - término temático no controlado (palabras clave) Informática
653 ## - MATERIA - TÉRMINO TEMÁTICO NO CONTROLADO (PALABRAS CLAVE)
Materia - término temático no controlado (palabras clave) Tecnología de la información
942 ## - ELEMENTOS PERSONALIZADOS (KOHA)
Fecha catalogación 2026/02/17
Tipo de documento Libros
Existencias
Fuente de Clasificacion Colección Ubicacion permanente Biblioteca actual Fecha de Ingreso a la Biblioteca Origen de adquisición Enumeración en serie / cronología Código de ubicación Código de barras Tipo de Item KOHA Nota pública
Dewey Decimal Classification Colección General (CG) Biblioteca e Internet, Facultad de Ciencias Exactas y Naturales Biblioteca e Internet, Facultad de Ciencias Exactas y Naturales 02/20/2026 Donación V.2 001.6424 C977c CG33 Libros Material disponible en la Biblioteca e Intenet, Campus UNA, San Lorenzo.